[Event "Najdorf Mem GpA"]
[Site "Grodzisk Mazowiecki POL"]
[Date "2007.07.25"]
[Round "6"]
[White "Sarwinski,M"]
[Black "Krysztofiak,M"]
[Result "1/2-1/2"]
[WhiteElo "2313"]
[BlackElo "2414"]

1.d4 d5 2.c4 c6 3.Nf3 Nf6 4.Nc3 e6 5.e3 Nbd7 6.Qc2 Bd6 7.Bd3 O-O 8.O-O dxc4
9.Bxc4 a6 10.Ne4 Nxe4 11.Qxe4 Qe7 12.Bb3 e5 13.Qh4 Qxh4 14.Nxh4 Nf6 15.dxe5 Bxe5
16.Nf3 Bc7 17.Bd2 Ne4 18.Bb4 Re8 19.Rfd1 c5 20.Be1 b6 21.Rac1 Ra7 22.h3 h6
23.Bc2 a5 24.Ba4 Re7 25.Bc6 Bb7 26.Bb5 Ra8 27.a3 Nd6 28.Be2 a4 29.Bc3 Ne4
30.Bb5 Nd6 31.Be2 Ne4 32.Bb5  1/2-1/2

[Event "Najdorf Mem GpA"]
[Site "Grodzisk Mazowiecki POL"]
[Date "2007.07.25"]
[Round "6"]
[White "Lagowski,P"]
[Black "Grabarczyk,M"]
[Result "1/2-1/2"]
[WhiteElo "2335"]
[BlackElo "2482"]

1.d4 d5 2.Nf3 Nf6 3.c4 c6 4.Nc3 e6 5.e3 Nbd7 6.Bd3 Bd6 7.e4 dxe4 8.Nxe4 Nxe4
9.Bxe4 e5 10.O-O exd4 11.Qxd4 Qf6 12.Bc2 Qxd4 13.Nxd4  1/2-1/2

[Event "2nd Konig Mem"]
[Site "San Fransisco USA"]
[Date "2007.07.25"]
[Round "?"]
[White "Atalik,S"]
[Black "Pruess,D"]
[Result "1/2-1/2"]
[WhiteElo "2564"]
[BlackElo "2424"]

1.d4 d5 2.c4 e6 3.Nc3 c6 4.e3 Nf6 5.Nf3 Nbd7 6.Bd3 dxc4 7.Bxc4 b5 8.Bd3 a6
9.e4 c5 10.e5 cxd4 11.Nxb5 Ng4 12.Qa4 Qb6 13.Nd6+ Bxd6 14.exd6 e5 15.Bf5 Nf6
16.Nxe5 Qxd6 17.Nxd7 Nxd7 18.O-O O-O 19.Qc2 h6 20.Bh7+ Kh8 21.Be4 Ra7 22.Rd1 Rc7
23.Qd2 Nc5 24.Qxd4 Qxd4 25.Rxd4 Re8 26.f3 Nxe4 27.fxe4 Bb7 28.Bf4 Rc2 29.Rd2 Rc4
30.Rf1 Bxe4 31.b3 Rc6 32.h3 Re7 33.Rfd1 g5 34.Bd6 Re6 35.Ba3 Rc2 36.Rxc2 Bxc2
37.Rd2 Be4 38.Rd6 Kg7 39.Bb2+ Kg6 40.Rxe6+ fxe6 41.Kf2 h5 42.b4 Kf5 43.a4 Bc6
44.a5 Ke4 45.Bf6 g4 46.hxg4 hxg4 47.g3 Bb5  1/2-1/2

[Event "29th Politiken Cup"]
[Site "Copenhagen DEN"]
[Date "2007.07.26"]
[Round "7"]
[White "Holm,S"]
[Black "Borg,A"]
[Result "1-0"]
[WhiteElo "2262"]
[BlackElo "2102"]

1.d4 d5 2.c4 c6 3.Nc3 Nf6 4.Nf3 e6 5.e3 Nbd7 6.Bd3 dxc4 7.Bxc4 b5 8.Bd3 Bb7
9.e4 b4 10.Na4 Be7 11.e5 Nd5 12.O-O N5b6 13.Re1 Nxa4 14.Qxa4 O-O 15.Be4 Nb6
16.Qc2 h6 17.Bd2 Rc8 18.a3 bxa3 19.bxa3 Ba8 20.Bb4 Qd7 21.Bc5 Rb8 22.Rec1 Rfc8
23.a4 Qc7 24.a5 Bxc5 25.dxc5 Nd7 26.Bd3 Nxe5 27.Nxe5 Qxe5 28.a6 Rb2 29.Qc3 Qxc3
30.Rxc3 Rd8 31.g3 Rd2 32.Raa3 Rb2 33.Kg2 Kf8 34.Kf3 Ke7 35.Ke3 g6 36.Rcb3 Rb8
37.Bc4 R2xb3+ 38.Rxb3 Rc8 39.h4 h5 40.Kf4 Kf6 41.Rf3 Rb8 42.Ke4+ Ke7 43.Rb3 Rd8
44.Be2 Rc8 45.Kd4 Kd7 46.f3 Ke7 47.g4 Rd8+ 48.Ke3 hxg4 49.fxg4 f5 50.Kf4 Kf6
51.g5+ Ke7 52.Rb4 Rh8 53.Ke5 Rd8 54.Bc4 Rf8 55.Bxe6 f4 56.Rxf4 Rxf4 57.Kxf4 Kxe6
58.Kg4 Kf7 59.h5 gxh5+ 60.Kxh5 Kg7 61.Kg4 Bb7 62.axb7 a6 63.b8=Q  1-0

[Event "ch-ITA U20"]
[Site "Fiuggi ITA"]
[Date "2007.07.26"]
[Round "9"]
[White "Santagati,A"]
[Black "Locci,D"]
[Result "1/2-1/2"]
[WhiteElo "2141"]
[BlackElo "2025"]

1.d4 Nf6 2.Nf3 d5 3.c4 e6 4.Nc3 c6 5.e3 Nbd7 6.Qc2 b6 7.b3 Bb7 8.Bd3 Rc8
9.O-O Be7 10.Rd1 O-O 11.e4 dxe4 12.Nxe4 Nxe4 13.Bxe4 Nf6 14.Bd3 Qc7 15.Bb2 h6
16.Qe2 Rfe8 17.Ne5 c5 18.h3 Rcd8 19.dxc5 Bxc5 20.Ng4 Qg3 21.Nxf6+ gxf6 22.Qg4+ Qxg4
23.hxg4 e5 24.Bf5 Bc8 25.Bxc8 Rxc8 26.Rd7 Re7 27.Rad1 Rc7 28.Rd8+ Kg7 29.Kf1 Re6
30.a3 Be7 31.R8d7 Rxd7 32.Rxd7 a5 33.Ke2 Kf8 34.Bc1 Kg7 35.f3 Kg6 36.Kd3 h5
37.gxh5+ Kxh5 38.Ke4 Kg6 39.g4 Bc5 40.Rd8 Be7 41.Rg8+ Kh7 42.Rb8 Bc5 43.Be3 Bxe3
44.Kxe3 Rd6 45.b4 axb4 46.axb4 Kg6 47.c5 bxc5 48.bxc5 Rd5 49.c6 Rc5 50.Rg8+ Kh7
51.Rc8 Kg7 52.Kd3 Rc1 53.Ke4 Rc5 54.f4 Kg6 55.g5 exf4 56.c7 Kg7 57.Kd4 Rc1
58.gxf6+ Kxf6 59.Ke4 Ke7 60.Kxf4 Kd7 61.Rf8 Rf1+ 62.Ke5 Kxc7 63.Ra8 Kd7 64.Ra7+ Ke8
65.Ke4 Kf8 66.Ra5 Kg7 67.Rg5+ Kf6 68.Ra5 Kg6 69.Ke3 Rf5 70.Ra6+ f6 71.Ra8 Rb5
72.Kf4 Rb4+ 73.Kf3 Kg5 74.Ra5+ f5 75.Re5 Rb3+ 76.Kf2 Kf4 77.Re2 Rf3+ 78.Kg2 Kg4
79.Rb2 Rc3 80.Re2 f4 81.Rb2 Rg3+ 82.Kh2 Rh3+ 83.Kg1 Re3 84.Kg2 Rh3 85.Rb8 f3+
86.Kf2 Rh2+ 87.Kg1 Re2 88.Kf1 Re4 89.Kf2  1/2-1/2

[Event "Najdorf Mem GpA"]
[Site "Grodzisk Mazowiecki POL"]
[Date "2007.07.26"]
[Round "7"]
[White "Krysztofiak,M"]
[Black "Sharapov,E"]
[Result "1-0"]
[WhiteElo "2414"]
[BlackElo "2437"]

1.d4 Nf6 2.c4 c6 3.Nc3 d5 4.Nf3 e6 5.e3 Nbd7 6.Bd3 dxc4 7.Bxc4 b5 8.Bd3 Bb7
9.a3 a6 10.b4 a5 11.Rb1 axb4 12.axb4 Bd6 13.O-O Qe7 14.Qb3 Nd5 15.Nxd5 exd5
16.e4 dxe4 17.Bxe4 Nf6 18.Bg5 h6 19.Rfe1 hxg5 20.Bc2 Nd5 21.Rxe7+ Kxe7 22.Be4 f6
23.Bxd5 cxd5 24.Qd3 Bc6 25.Qg6 Rag8 26.Re1+ Kd8 27.Nxg5 Be8 28.Ne6+ Kd7 29.Qd3 Bxh2+
30.Kf1 Kd6 31.Qc3 Be5 32.dxe5+ Kxe6 33.exf6+ Kf5 34.Re5+ Kg6 35.Qd3+ Kf7
36.Qxd5+ Kg6 37.Qe4+ Kf7 38.Re7+ Kxf6 39.Qe5+ Kg6 40.Re6+  1-0

[Event "MonRoi International Women GP"]
[Site "Montreal CAN"]
[Date "2007.07.26"]
[Round "5"]
[White "Krush,I"]
[Black "Cramling,P"]
[Result "1/2-1/2"]
[WhiteElo "2479"]
[BlackElo "2533"]

1.d4 d5 2.c4 c6 3.Nc3 Nf6 4.e3 e6 5.Nf3 a6 6.b3 c5 7.Bb2 Nc6 8.cxd5 exd5
9.Be2 cxd4 10.Nxd4 Ne5 11.O-O Bd6 12.Nf3 Be6 13.Nxe5 Bxe5 14.Na4 Bxb2 15.Nxb2 O-O
16.Na4 Rc8 17.b4 Ne4 18.Qd4 Rc6 19.Bd3 Qe7 20.Rfc1 Rfc8 21.Rxc6 Rxc6 22.Bxe4 Rc4
23.Bxh7+ Kxh7 24.Qd3+ g6 25.Nb6 Qf6 26.Rd1 Rxb4 27.Nxd5 Bxd5 28.Qxd5 Rb2
29.f4 b5 30.a3 Re2 31.Qf3 Ra2 32.e4 Ra1 33.Rxa1 Qxa1+ 34.Kf2 Qb2+ 35.Kg3 a5
36.f5 Kg7 37.fxg6 fxg6 38.Qd3 a4 39.Qd7+ Kh6 40.Qh3+ Kg7 41.Qd7+ Kh6 42.Qh3+  1/2-1/2

[Event "Open Women Bulgarian Ch"]
[Site "Vratsa BUL"]
[Date "2007.07.26"]
[Round "2"]
[White "Barbageorgopoulou,F"]
[Black "Papathanasiou,A"]
[Result "1-0"]
[WhiteElo "1792"]
[BlackElo "1981"]

1.d4 d5 2.c4 c6 3.Nf3 Nf6 4.e3 e6 5.Nc3 Nbd7 6.Bd3 dxc4 7.Bxc4 b5 8.Bd3 a6
9.e4 c5 10.e5 cxd4 11.Ne4 Nd5 12.Bg5 Qa5+ 13.Bd2 Qb6 14.O-O h6 15.Qb3 Be7
16.Rfc1 O-O 17.a4 b4 18.a5 Qb8 19.Nxd4 Nxe5 20.Nc6 Nxc6 21.Rxc6 Bb7 22.Rc2 Nf4
23.Bxf4 Qxf4 24.Nc5 Bxc5 25.Rxc5 Bd5 26.Qc2 Rfd8 27.Rc1 Bb7 28.Rc7 Bd5 29.Qe2 Qd4
30.Bxa6 Bb3 31.Rc8 Raxc8 32.Rxc8 Rxc8 33.Bxc8 Bc4 34.Qc2 Qd5 35.a6 b3 36.Qc1 Bb5
37.Bb7 Qe5 38.a7  1-0

[Event "Arximiro Penide Cedeira Mem"]
[Site "Arteixo ESP"]
[Date "2007.07.27"]
[Round "2"]
[White "Archambault,S"]
[Black "Grana Lois,J"]
[Result "0-1"]
[WhiteElo "1983"]
[BlackElo "2118"]

1.d4 d5 2.Nf3 Nf6 3.c4 e6 4.Nc3 c6 5.e3 Nbd7 6.Qc2 dxc4 7.Bxc4 b5 8.Bb3 a6
9.Qe2 c5 10.dxc5 Nxc5 11.Bc2 Bb7 12.O-O Be7 13.b4 Nce4 14.Nxe4 Nxe4 15.Bb2 Bf6
16.Bxe4 Bxe4 17.Rfd1 Qe7 18.Bxf6 Qxf6 19.Nd4 O-O 20.a3 e5 21.Nb3 Qg6 22.f3 Bc2
23.Nc5 Bxd1 24.Rxd1 Rfd8 25.e4 Rxd1+ 26.Qxd1 Qg5 27.Kf2 Rd8 28.Nd3 Qh4+ 29.Ke3 Qxh2
30.Qc2 Qg1+ 31.Ke2 Qxg2+ 32.Nf2 Qg6 33.Ng4 h5 34.Ne3 Qe6 35.Nd5 Kh7 36.Qd2 Rc8
37.Qg5 Qh3 38.Qxe5 Qg2+ 39.Ke3 Qg1+ 40.Kd3 Qd1+ 41.Ke3 Qc1+ 42.Kd3 Qxa3+
43.Nc3 Qxc3+  0-1

[Event "29th Politiken Cup"]
[Site "Copenhagen DEN"]
[Date "2007.07.27"]
[Round "8"]
[White "Brandt,J"]
[Black "Pallesen,J"]
[Result "0-1"]
[WhiteElo "1923"]
[BlackElo "2005"]

1.d4 Nf6 2.c4 e6 3.Nf3 d5 4.e3 c6 5.Nc3 Be7 6.Ne5 Nbd7 7.Bd3 Nxe5 8.dxe5 Nd7
9.f4 Nc5 10.Be2 dxc4 11.Qc2 Nd3+ 12.Kf1 Bc5 13.Nd1 Nxc1 14.Rxc1 Qb6 15.Kf2 Be7
16.Bxc4 Bd7 17.Rf1 O-O 18.Kg1 Rac8 19.Rf3 f6 20.Rh3 g6 21.f5 Kg7 22.fxg6 hxg6
23.Rg3 f5 24.Qe2 Qa5 25.Qh5 Qe1+ 26.Bf1 Be8 27.Qf3 Qa5 28.Nc3 Qxe5 29.Ne2 Bh4
30.Rh3 Rh8 31.Rc4 Bg5 32.Rxh8 Kxh8 33.Nf4 Bxf4 34.exf4 Qxb2 35.a4 Bf7 36.Rc3 Rd8
37.Rb3 Qd4+ 38.Kh1 Qd7 39.h3 Kg7 40.Kh2 Qc7 41.g3 Rd2+ 42.Bg2 Rd7 43.Ra3 Qa5
44.g4 e5 45.gxf5 exf4 46.h4 Qxf5 47.Bh3 Qc2+ 48.Kg1 Rd1+ 49.Bf1 Bc4 50.Rc3 Rxf1+
51.Qxf1 Qxc3 52.Qxf4 Qe1+ 53.Kh2 Qe2+ 54.Kg3 Qe1+ 55.Kh2 Qe6 56.h5 Qe2+ 57.Kg3 Qd3+
58.Kh2 Qe2+ 59.Kg3 gxh5 60.Qg5+ Kf7 61.Qf5+ Ke7 62.Qg5+ Kd6 63.Qf6+ Kc5 64.Qf8+ Kd4
65.Qf4+ Kc3 66.Qc1+ Kb4 67.Qb1+ Bb3 68.Qh7 Qg4+ 69.Kf2 Qf4+ 70.Kg1 Qg3+ 71.Kf1 Bc4+  0-1

[Event "29th Politiken Cup"]
[Site "Copenhagen DEN"]
[Date "2007.07.27"]
[Round "8"]
[White "Jorgensen,A"]
[Black "Nielsen,Pa"]
[Result "1-0"]
[WhiteElo "2049"]
[BlackElo "1877"]

1.d4 e6 2.c4 d5 3.Nc3 Nf6 4.Nf3 c6 5.e3 Nbd7 6.Bd3 Bd6 7.O-O dxc4 8.Bxc4 Nb6
9.Bd3 Nbd5 10.e4 Nxc3 11.bxc3 Be7 12.c4 Nd7 13.Bb2 f6 14.Qc2 Qc7 15.e5 f5
16.Rac1 Nb6 17.Qb3 Qd8 18.Rfd1 Nd7 19.d5 Nc5 20.Qc2 cxd5 21.cxd5 Nxd3 22.Rxd3 exd5
23.Rcd1 O-O 24.Rxd5 Qe8 25.R5d2 b6 26.Nd4 f4 27.Qc4+ Kh8 28.Nc6 Bc5 29.Rd8 Qe6
30.Qxc5 bxc5 31.Rxf8+ Qg8 32.Rdd8  1-0

[Event "Czech Open GMA"]
[Site "Pardubice CZE"]
[Date "2007.07.27"]
[Round "8"]
[White "Pakhomov,A"]
[Black "Krejci,Jan2"]
[Result "0-1"]
[WhiteElo "2473"]
[BlackElo "2315"]

1.d4 d5 2.c4 c6 3.Nf3 Nf6 4.e3 e6 5.Nc3 Nbd7 6.Qc2 Be7 7.g4 dxc4 8.Bxc4 Nb6
9.Be2 Nfd5 10.Bd2 Nxc3 11.Bxc3 Bd7 12.Ne5 Nd5 13.Bd2 Bd6 14.Nc4 Bc7 15.h4 Nb6
16.Ne5 Bc8 17.O-O-O Qe7 18.f4 f6 19.Nd3 Bd7 20.e4 O-O-O 21.Kb1 Be8 22.Bb4 Bd6
23.Ba5 Bc7 24.Bb4 Bd6 25.Bxd6 Qxd6 26.Nc5 Kb8 27.Rhg1 Bf7 28.Qc3 h5 29.g5 Bg6
30.Ka1 Nd7 31.e5 Qe7 32.Bf3 Nxc5 33.dxc5 fxg5 34.fxg5 Rxd1+ 35.Rxd1 Rf8 36.Rd6 Qf7
37.Qd2 Kc8 38.Bd1 Qf5 39.Qc1 Qxe5 40.Bb3 Bf5 41.a4 Bg4 42.Ka2 Rd8 43.Rxd8+ Kxd8
44.Qd2+ Kc8 45.Qf2 Bf5 46.Qg1 g6 47.Ka3 Kc7 48.Ka2 Kc8 49.Qc1 a6 50.Qc4 Qe3
51.Bc2 Qf2 52.Bb3 Qd2 53.Qc3 Qxc3 54.bxc3 e5 55.Kb2 a5 56.Kc1 Kc7 57.Kd2 b5
58.cxb6+ Kxb6 59.Ke3 Kc5 60.Bf7 Bc2 61.Kd2 Bf5 62.Ke3 Kd6 63.Kf3 Bc2 64.Be8 c5
65.Ke3 Bf5 66.Bf7 Ke7 67.Bb3 Bd7 68.Bc2 Be8 69.Be4 Bxa4 70.Bxg6 Be8 71.Bb1 a4
72.Ba2 Bf7 73.c4 Bg6 74.Kd2 Ke6 75.Kc3 Kf5 76.Bb1+ e4 77.Bc2 a3 78.Kb3 Kg4
79.Kxa3 Kxh4 80.Ka4 Kxg5 81.Kb5 e3 82.Bd1 Bd3 83.Kxc5 e2 84.Bxe2 Bxe2  0-1

[Event "29th Politiken Cup"]
[Site "Copenhagen DEN"]
[Date "2007.07.28"]
[Round "9"]
[White "Rasmussen,M1"]
[Black "Nohr,F"]
[Result "1/2-1/2"]
[WhiteElo "1958"]
[BlackElo "2088"]

1.d4 Nf6 2.Nf3 d5 3.e3 c6 4.c4 e6 5.Nc3 Nbd7 6.Qc2 Be7 7.Be2 O-O 8.O-O dxc4
9.Bxc4 b5 10.Be2 a6 11.b3 Bb7 12.Rd1 Qb6 13.Bb2 Rac8 14.a3 c5 15.Rac1 cxd4
16.Nxd4 Bxa3 17.Bxa3 b4 18.Bxb4 Qxb4 19.Qb2 Nc5 20.Bc4 Nce4 21.Nxe4 Nxe4
22.h3 Nd6 23.Be2 a5 24.Rxc8 Rxc8 25.Qd2 Bd5 26.Bf3 Bxf3 27.Nxf3 Qxd2  1/2-1/2

[Event "29th Politiken Cup"]
[Site "Copenhagen DEN"]
[Date "2007.07.28"]
[Round "9"]
[White "Nyback,T"]
[Black "Agrest,E"]
[Result "1/2-1/2"]
[WhiteElo "2567"]
[BlackElo "2541"]

1.d4 d5 2.c4 c6 3.Nc3 Nf6 4.e3 e6 5.Nf3 a6 6.b3 Bb4 7.Bd2 Bd6 8.Bd3 c5 9.O-O O-O
10.cxd5 exd5 11.dxc5 Bxc5 12.Ne2 Nc6 13.Qc2 Bd6 14.Rad1 Bg4 15.Bf5 Bxf3 16.gxf3 g6
17.Bh3 d4 18.exd4 Nd5 19.f4 Re8 20.Qd3 Qh4 21.Bg2 Nxf4 22.Bxf4 Bxf4 23.Nxf4 Qxf4
24.d5 Ne5 25.Qg3 Qb4 26.f4 Nd7 27.f5 Rad8 28.Kh1 Ne5 29.Rde1 Nd7 30.Rxe8+ Rxe8
31.Qc7 Ne5 32.d6 Qd4 33.f6 g5 34.Bxb7 Rf8 35.a3 h6 36.b4 Ng4 37.Qc5 Qd2 38.Qg1 Ne3
39.Re1 Ng4 40.Rf1 Ne3 41.Re1  1/2-1/2

[Event "29th Politiken Cup"]
[Site "Copenhagen DEN"]
[Date "2007.07.28"]
[Round "9"]
[White "Antonsen,M"]
[Black "Nielsen,PH"]
[Result "0-1"]
[WhiteElo "2397"]
[BlackElo "2638"]

1.d4 d5 2.c4 e6 3.Nf3 Nf6 4.Nc3 c6 5.e3 Nbd7 6.Qc2 b6 7.Bd3 Bb7 8.O-O dxc4
9.Bxc4 c5 10.dxc5 Bxc5 11.e4 Rc8 12.Qe2 Bb4 13.e5 Bxc3 14.bxc3 Ne4 15.Ba3 Nxc3
16.Qd3 Bxf3 17.Qxc3 Bd5 18.Qg3 Rxc4 19.Qxg7 Rf8 20.Bd6 Rc6 21.Qxh7 Qg5  0-1

[Event "Quebec Open"]
[Site "Montreal CAN"]
[Date "2007.07.28"]
[Round "9"]
[White "Vul,A"]
[Black "Jiang,L"]
[Result "1-0"]
[WhiteElo "2312"]
[BlackElo "2072"]

1.Nf3 d5 2.d4 Nf6 3.c4 e6 4.Nc3 c6 5.e3 Be7 6.Qc2 Nbd7 7.Be2 dxc4 8.Bxc4 b5
9.Bd3 a6 10.e4 c5 11.e5 Nd5 12.Nxd5 exd5 13.Bxh7 c4 14.O-O Qb6 15.Bf5 g6
16.Bxd7+ Bxd7 17.Be3 O-O-O 18.b3 Bf5 19.Qd2 Rdg8 20.Bg5 Bxg5 21.Nxg5 Rg7
22.Rfc1 f6 23.exf6 Qxf6 24.a4 Bd7 25.axb5 Bxb5 26.bxc4 dxc4 27.Ra3 Rd7 28.Nf3 Rh5
29.Re3 Qh8 30.Rce1 Rdh7 31.Qb4 Qd8 32.Re6 Qc7 33.Qf8+ Kb7 34.Re7 Bd7 35.Rb1+ Ka7
36.Ne5 Rxe7 37.Qxe7 c3 38.g4 c2 39.Rc1 Rh3 40.Qxd7 Qxd7 41.Nxd7 Rc3 42.Kf1 a5
43.Ke2  1-0

[Event "Czech Open GMA"]
[Site "Pardubice CZE"]
[Date "2007.07.28"]
[Round "9"]
[White "Orzech,D"]
[Black "Ragger,M"]
[Result "1/2-1/2"]
[WhiteElo "2394"]
[BlackElo "2529"]

1.Nf3 Nf6 2.c4 c6 3.Nc3 d5 4.e3 e6 5.d4 Nbd7 6.Qc2 Bd6 7.g4 Nxg4 8.Rg1 f5
9.h3 Ngf6 10.Rxg7 Ne4 11.Bd2 Qf6 12.Rg2 Nf8 13.Bd3 Bd7 14.O-O-O O-O-O 15.cxd5 Nxc3
16.Bxc3 exd5 17.Ne5 f4 18.Rdg1 Ne6 19.Bf5 Rhf8 20.Bxh7 Bxe5 21.dxe5 Qh6 22.Bd2 Qxh3
23.Bd3 fxe3 24.Bxe3 Kb8 25.Qd2 d4 26.Bg5 Nxg5 27.Rxg5 Qf3 28.Bc4 Rfe8 29.R1g3 Qf8
30.f4 Qc5 31.Qc2 Qb4 32.a3 Qe1+ 33.Qd1 Qe4 34.Qf3 Qe1+ 35.Qd1 Qe4 36.Qf3 Qe1+
37.Qd1 Qe4 38.Qf3  1/2-1/2

[Event "GM"]
[Site "Biel SUI"]
[Date "2007.07.29"]
[Round "6"]
[White "Pelletier,Y"]
[Black "Van Wely,L"]
[Result "1/2-1/2"]
[WhiteElo "2591"]
[BlackElo "2680"]

1.d4 d5 2.c4 c6 3.Nf3 Nf6 4.Nc3 e6 5.e3 Nbd7 6.Qc2 Bd6 7.e4 dxe4 8.Nxe4 Nxe4
9.Qxe4 Qa5+ 10.Bd2 Bb4 11.a3 Bxd2+ 12.Nxd2 c5 13.O-O-O cxd4 14.Qxd4 Qe5 15.Ne4 Qxd4
16.Rxd4 Ke7 17.Be2 a5 18.b3 b6 19.Rhd1 Nc5 20.Nxc5 bxc5 21.Rd6 Ra6 22.Rxa6 Bxa6
23.Kc2 Bb7 24.g3 g5 25.Kc3 Ra8 26.Rd3 f5 27.f4 g4 28.Bd1 h5 29.Rd2 Bc6 30.Bc2 Rb8
31.Re2 Kd6 32.Rd2+ Kc7 33.Re2 Kd6 34.Rd2+ Kc7 35.Re2 Bd7 36.h4 Rb6  1/2-1/2

[Event "US Open"]
[Site "Cherry Hill USA"]
[Date "2007.07.29"]
[Round "1"]
[White "Bisguier,A"]
[Black "Perrotta,J"]
[Result "1-0"]
[WhiteElo "2248"]
[BlackElo "1980"]

1.d4 d5 2.c4 c6 3.Nc3 Nf6 4.e3 e6 5.Nf3 Nbd7 6.Bd3 Bd6 7.O-O O-O 8.e4 dxe4
9.Nxe4 Nxe4 10.Bxe4 Nf6 11.Bc2 Qc7 12.Bg5 Be7 13.Qd3 g6 14.Rfe1 Rd8 15.Ne5 Nh5
16.Bh6 Bf8 17.Bxf8 Kxf8 18.Qe3 Kg7 19.Rad1 b6 20.Qc3 Kg8 21.Nxc6 Rd6 22.Ne5 Bb7
23.Ng4 f5 24.Ne5 Nf4 25.f3 Rad8 26.Qe3 Nh5 27.Bb3 f4 28.Qf2 Ng7 29.Bc2 Ba6
30.b3 Bb7 31.Be4 Ne8 32.Qh4 Rxd4 33.Rxd4 Rxd4 34.Qxf4 Bxe4 35.fxe4 Nd6 36.Rf1 Qg7
37.Nc6 e5 38.Qg4 Rxe4 39.Qe6+ Nf7 40.Ne7+ Kf8 41.Qc8+ Kxe7 42.Qb7+ Ke6 43.Qd5+ Ke7
44.Qxe4 Nd6 45.Qc6 Ke6 46.Rd1  1-0

[Event "29th Politiken Cup"]
[Site "Copenhagen DEN"]
[Date "2007.07.29"]
[Round "10"]
[White "Hobber,A"]
[Black "Tadjerbashi,A"]
[Result "1/2-1/2"]
[WhiteElo "1954"]
[BlackElo "2182"]

1.Nf3 Nf6 2.d4 d5 3.c4 e6 4.Nc3 c6 5.e3 Nbd7 6.Bd3 dxc4 7.Bxc4 b5 8.Bd3 a6
9.O-O c5 10.Qe2 Bb7 11.Rd1 b4 12.Na4 cxd4 13.exd4 Qa5 14.b3 Bd6 15.Nb2 Qh5
16.Nc4 Bc7 17.Nfe5 Qxe2 18.Bxe2 Nxe5 19.dxe5  1/2-1/2

[Event "29th Politiken Cup"]
[Site "Copenhagen DEN"]
[Date "2007.07.29"]
[Round "10"]
[White "Nyback,T"]
[Black "Krasenkow,M"]
[Result "1/2-1/2"]
[WhiteElo "2567"]
[BlackElo "2660"]

1.d4 d5 2.c4 e6 3.Nc3 c6 4.e3 Nf6 5.Nf3 Nbd7 6.Qc2 Bd6 7.b3 O-O 8.Be2 e5
9.O-O e4 10.Nd2 Re8 11.a4 Nf8 12.Ba3 Bxa3 13.Rxa3 Bg4 14.Rc1 Bxe2 15.Nxe2 Ne6
16.b4 a6 17.cxd5 cxd5 18.Nb3 Qd6 19.Nc5 b6 20.Nxe6 fxe6 21.Qc6 Qxb4 22.Raa1 Rab8
23.Rab1 Qa5 24.h3 b5 25.axb5 axb5 26.Rc5 Qb6  1/2-1/2

[Event "29th Politiken Cup"]
[Site "Copenhagen DEN"]
[Date "2007.07.29"]
[Round "10"]
[White "Brynell,S"]
[Black "Godena,M"]
[Result "1/2-1/2"]
[WhiteElo "2459"]
[BlackElo "2547"]

1.d4 d5 2.c4 c6 3.Nc3 Nf6 4.e3 e6 5.Nf3 a6 6.c5 b6 7.cxb6 Qxb6 8.Na4 Qa7
9.Bd3 Nbd7 10.O-O c5 11.Nxc5 Nxc5 12.dxc5 Bxc5 13.b4 Bd6 14.Bb2 Qb8 15.h3 Qxb4
16.Rb1 Qa5 17.Bd4 Bd7 18.Ne5 Bb5 19.Bxb5+ axb5 20.Ng4 Be7 21.Qf3 Qd8 22.Rxb5 O-O
23.Nxf6+ Bxf6 24.Bxf6 Qxf6 25.Qxf6 gxf6 26.Rc1 Rxa2 27.Rc7 f5 28.Rbb7 Kg7
29.g3 h5 30.Kg2 Ra4 31.h4 d4 32.exd4 Rxd4 33.f4 Rd2+ 34.Kh3 Kg8 35.Rd7 Ra2
36.Rbc7 Re2 37.Ra7 Kg7 38.Rab7 Kg6 39.Ra7 Re3 40.Kg2 e5 41.Rd6+ Kg7 42.fxe5 Rxe5
43.Ra2 Rb8 44.Rad2 Rbb5 45.R6d3 Kg6 46.Rd6+ f6 47.R6d3 Re4 48.Rf2 Re1 49.Rdf3 Rbb1
50.Ra3 Rg1+ 51.Kf3 Rb4 52.Rg2 Rh1 53.Rf2 Rbxh4 54.gxh4 Rh3+ 55.Kf4 Rxa3 56.Rg2+ Kf7
57.Kxf5 Rf3+ 58.Ke4 Rh3 59.Kf5 Rf3+ 60.Ke4 Rf1 61.Ra2 Kg6 62.Rg2+ Kf7 63.Ra2 Rh1
64.Kf5 Rf1+  1/2-1/2

[Event "29th Politiken Cup"]
[Site "Copenhagen DEN"]
[Date "2007.07.29"]
[Round "10"]
[White "Brandt,J"]
[Black "Eiholt,B"]
[Result "1-0"]
[WhiteElo "1923"]
[BlackElo "1647"]

1.d4 d5 2.c4 e6 3.Nf3 Nf6 4.Nc3 c6 5.e3 Be7 6.Bd3 dxc4 7.Bxc4 b5 8.Bb3 O-O
9.O-O a6 10.Ne5 Bb7 11.Ne2 Qb6 12.Bd2 Rd8 13.f4 c5 14.Qe1 Nc6 15.Rd1 Ne4
16.f5 f6 17.Bxe6+ Kf8 18.Nd7+ Rxd7 19.Bxd7 Rd8 20.Bxc6 Qxc6 21.Nf4 Rd6 22.Qe2 Ng5
23.a3 cxd4 24.h4 Ne4 25.Ne6+ Rxe6 26.fxe6 Ng3 27.Qf3 Nxf1 28.Qxf1 dxe3 29.Bxe3 Qxe6
30.Qf2 Qe4 31.Rd2 Qc6 32.Rc2 Qd7 33.Rd2 Qc7 34.Rc2 Qd7 35.Rc1 Qd5 36.Bc5 Bxc5
37.Qxc5+ Qxc5+ 38.Rxc5 Be4 39.Rc7 a5 40.g3 a4 41.Kf2 h5 42.Ke3 Bd5 43.Rc5 Bc4
44.Rxh5 Kf7 45.Rc5 Bf1 46.Kf4 g6 47.Rc7+ Kf8 48.g4 Be2 49.g5 fxg5+ 50.hxg5 Ke8
51.Ke5 Kd8 52.Rc6 Bh5 53.Rc5 Be2 54.Kf6  1-0

[Event "ch-Gdansk"]
[Site "Gdansk POL"]
[Date "2007.07.29"]
[Round "9"]
[White "Dobrowolski,H"]
[Black "Bieluszewski,P"]
[Result "0-1"]
[WhiteElo "1999"]
[BlackElo "2144"]

1.d4 d5 2.c4 c6 3.Nc3 Nf6 4.Nf3 e6 5.e3 Bd6 6.Be2 Nbd7 7.O-O O-O 8.b3 Qe7
9.Bb2 dxc4 10.Bxc4 e5 11.e4 exd4 12.Qxd4 Ne5 13.Be2 Nfg4 14.h3 Nxf3+ 15.Bxf3 Be5
16.Qd2 Nh2 17.Qe2 Nxf1 18.Rxf1 Qf6 19.Nd1 Bxb2 20.Nxb2 Be6 21.Nd3 Rad8 22.e5 Qg5
23.Be4 Bxh3 24.f4 Bg4 25.Qe3 Qh4 26.g3 Qe7 27.f5 f6 28.e6 Rfe8 29.Nf2 h5
30.Nxg4 hxg4 31.Kg2 Qb4 32.Rf2 Rd4 33.Re2 Qd6 34.Bc2 Kf8 35.Kf1 Ke7 36.Rh2 Kd8
37.Rh7 Re7 38.Ke2 Kc7 39.a3 Qd5 40.Rh2 a5 41.Bd3 b5 42.Rf2 g5 43.a4 Kd6 44.axb5 cxb5
45.Rf1 Rc7 46.Rd1 Rh7 47.Kd2 Rh2+ 48.Kc1 Ke7 49.Bc2  0-1

[Event "ch-Gdansk"]
[Site "Gdansk POL"]
[Date "2007.07.29"]
[Round "9"]
[White "Karlo,T"]
[Black "Kusmierz,M"]
[Result "1/2-1/2"]
[WhiteElo "1948"]
[BlackElo "2170"]

1.d4 d5 2.c4 c6 3.Nf3 Nf6 4.e3 e6 5.Nc3 Nbd7 6.Bd3 dxc4 7.Bxc4 b5 8.Bd3 a6
9.O-O Bb7 10.b3 c5 11.Bb2 Be7 12.Rc1 O-O 13.Bb1 Qb6 14.e4 cxd4 15.Nxd4 Rfd8
16.Nf3 Ne5 17.Qe2 Nxf3+ 18.Qxf3 Rd2 19.Rc2 Rd7 20.Re2 e5 21.Nd5 Qe6 22.Nxe7+ Rxe7  1/2-1/2

[Event "MTO"]
[Site "Biel SUI"]
[Date "2007.07.30"]
[Round "7"]
[White "Harika,D"]
[Black "Rasch,H"]
[Result "1-0"]
[WhiteElo "2478"]
[BlackElo "2257"]

1.d4 d5 2.c4 e6 3.Nc3 c6 4.e3 Nf6 5.Nf3 Nbd7 6.Qc2 Bd6 7.g4 dxc4 8.Bxc4 e5
9.Bd2 exd4 10.Nxd4 Nb6 11.Be2 Nfd5 12.Ne4 Be5 13.O-O-O Qe7 14.Nc5 Bd6 15.Ne4 Bc7
16.Ng3 O-O 17.Ndf5 Bxf5 18.gxf5 a5 19.Rhg1 Nb4 20.Qb3 Rfd8 21.a3 Qc5+ 22.Bc3 Rxd1+
23.Bxd1 Nd3+ 24.Kb1 Nxf2 25.Bxg7 Nh3 26.Bd4 Qd5 27.Nh5+ Kf8 28.Qxd5 cxd5
29.Bc5+ Ke8 30.Nf6+  1-0

[Event "US Open"]
[Site "Cherry Hill USA"]
[Date "2007.07.30"]
[Round "2"]
[White "Hough,R"]
[Black "Mulyar,M"]
[Result "0-1"]
[WhiteElo "2032"]
[BlackElo "2373"]

1.d4 d5 2.c4 c6 3.Nf3 Nf6 4.Nc3 e6 5.e3 Nbd7 6.Qc2 Bd6 7.Be2 O-O 8.O-O Qe7
9.Bd2 b6 10.h3 Bb7 11.e4 dxe4 12.Nxe4 Nxe4 13.Qxe4 f5 14.Qc2 c5 15.dxc5 Nxc5
16.Nd4 Be4 17.Qc3 Rad8 18.Bf3 Be5 19.Be3 Bxf3 20.gxf3 f4  0-1

[Event "MTO"]
[Site "Biel SUI"]
[Date "2007.08.01"]
[Round "9"]
[White "Harika,D"]
[Black "Domont,A"]
[Result "1-0"]
[WhiteElo "2478"]
[BlackElo "2361"]

1.d4 d5 2.c4 c6 3.Nc3 Nf6 4.e3 e6 5.Nf3 Nbd7 6.Qc2 Bd6 7.g4 dxc4 8.Bxc4 e5
9.Bd2 exd4 10.Nxd4 Nxg4 11.Ne4 Ndf6 12.Nxd6+ Qxd6 13.h3 Ne5 14.Be2 Qd5 15.O-O-O Qxa2
16.Bb4 Bd7 17.f4 c5 18.fxe5 cxb4 19.Bc4 b3 20.Nxb3 O-O 21.exf6 Be6 22.Rhg1 g6
23.Bxe6 fxe6 24.Rxg6+  1-0

[Event "ch-ISL"]
[Site "Reykjavik ISL"]
[Date "2007.08.01"]
[Round "5"]
[White "Kristjansson,St"]
[Black "Johannesson,I"]
[Result "1/2-1/2"]
[WhiteElo "2458"]
[BlackElo "2344"]

1.d4 d5 2.c4 c6 3.Nf3 Nf6 4.Nc3 e6 5.e3 Nbd7 6.Qc2 Bd6 7.Be2 O-O 8.O-O Qe7
9.b3 b6 10.Bb2 Bb7 11.Rad1 Rfe8 12.e4 Nxe4 13.Nxe4 dxe4 14.Qxe4 Nf6 15.Qh4 c5
16.Bd3 h6 17.Rfe1 Bxf3 18.gxf3 Rad8 19.Bc2 cxd4 20.Rxd4 Bc5 21.Rf4 e5 22.Rf5 Rd2
23.Rexe5 Qd7 24.Rxc5 Rxc2 25.Bxf6 bxc5 26.Qg3 Rc1+ 27.Kg2 g6 28.Rd5 Qe6 29.Re5 Qd7
30.Rd5 Qe6 31.Re5 Qd7 32.Qf4 Rxe5 33.Bxe5 Re1 34.Qf6 Kf8 35.Qh8+ Ke7 36.Qf6+ Kf8
37.Bd6+ Kg8 38.Be5  1/2-1/2

[Event "IM"]
[Site "Dubna RUS"]
[Date "2007.08.02"]
[Round "1"]
[White "Dmitrenko,V"]
[Black "Patsyk,A"]
[Result "1-0"]
[WhiteElo "2362"]
[BlackElo "2184"]

1.d4 d5 2.Nf3 Nf6 3.c4 c6 4.Nc3 e6 5.e3 Nbd7 6.Qc2 Bd6 7.Bd3 O-O 8.Bd2 Re8
9.cxd5 exd5 10.g4 Qe7 11.O-O-O Ne4 12.Rdf1 Nf8 13.h3 b5 14.Kb1 b4 15.Na4 Bd7
16.Bxe4 dxe4 17.Ne5 Bxe5 18.dxe5 Rab8 19.b3 Qxe5 20.Bc1 Qe7 21.Bb2 Rb5 22.Rc1 c5
23.Nxc5 Rc8 24.Qxe4 Qxe4+ 25.Nxe4 Rxc1+ 26.Rxc1 h5 27.f3 hxg4 28.hxg4 Rd5
29.Bd4 Ne6 30.Bxa7 Bb5 31.Kb2 Be2 32.Rc4 Bxc4 33.bxc4 Ra5 34.Bb6 Ra3 35.f4 f6
36.f5 Ng5 37.Nxg5 fxg5 38.Bd4 Kf7 39.c5 Ke7 40.e4 Rg3 41.Bxg7 Rxg4 42.e5 Rg2+
43.Kb3 g4 44.c6 Rg1 45.Bh6 g3 46.Bg5+ Ke8 47.e6 Rb1+ 48.Ka4 Rb2 49.f6 Rxa2+
50.Kxb4 g2 51.f7+ Kf8 52.Bh6+  1-0

[Event "94th ch-GBR"]
[Site "Great Yarmouth ENG"]
[Date "2007.08.02"]
[Round "4"]
[White "Dossett,C"]
[Black "McEwan,K"]
[Result "1/2-1/2"]
[WhiteElo "2001"]
[BlackElo "2170"]

1.Nf3 d5 2.c4 c6 3.d4 Nf6 4.e3 e6 5.Nc3 Be7 6.Bd2 Nbd7 7.Rc1 O-O 8.cxd5 exd5
9.Bd3 Re8 10.O-O Bd6 11.Re1 Ne4 12.Rc2 g5 13.Bc1 g4 14.Bxe4 dxe4 15.Ne5 Nf6
16.f4 Bf5 17.Rd2  1/2-1/2